| 000 | 00729nam a2200289Ia 4500 | ||
|---|---|---|---|
| 005 | 20260324125338.0 | ||
| 008 | 008 260324s9999 xx 000 0 eng d | ||
| 020 | _a9781315422015 | ||
| 037 | _aEBOOK | ||
| 040 | _aCRL | ||
| 040 | _beng | ||
| 040 | _cCRL | ||
| 041 | _2eng | ||
| 041 | _aeng | ||
| 084 | _qCRL | ||
| 100 |
_aR Lee Lyman _91177639 |
||
| 245 | 0 | _aPrehistory of the Oregon Coast | |
| 245 | 4 | _bThe Effects of Excavation Strategies and Assemblage Size on Archaeological Inquiry | |
| 260 | _bTaylor and Francis | ||
| 260 | _c2009 | ||
| 365 | _a | ||
| 365 | _b230 | ||
| 856 | _uhttp://www.taylorfrancis.com/books/9781315422015 | ||
| 942 | _cEBOOK | ||
| 999 |
_c1772788 _d1772788 |
||